| 000 | 00837 a2200205 4500 | ||
|---|---|---|---|
| 020 | _a0470017694 | ||
| 020 | _a9780470017692 | ||
| 020 | _a9780470017692 | ||
| 040 |
_aDLC _bDLC |
||
| 100 | 1 | _aRangarao, Kaluri Venkata. | |
| 245 | 1 | 0 |
_aDigital signal processing: a practitioner's approach _ba practitioner's approach _cKaluri Venkata Rangarao, Ranjan K. Mallik. |
| 246 | 3 | _aDigital signal processing : a practitioner's approach [electronic resource] | |
| 260 |
_aChichester : _bJohn Wiley, _cc2005. |
||
| 300 |
_a191 p. : _bill. ; _c24 cm. |
||
| 650 | 0 |
_aSignal processing _xDigital techniques. |
|
| 700 | 1 | _aMallik, Ranjan K. | |
| 710 | 2 | _aWiley InterScience (Online service) | |
| 856 | 4 | 1 | _uhttp://libproxy1.nus.edu.sg/login?url=http://www3.interscience.wiley.com/cgi-bin/homepage/?isbn=9780470034002 |
| 942 |
_cBK _k621.3822 RAN _2ddc |
||
| 999 |
_c8245 _d8245 |
||